000 00959cam a22002894a 4500
005 20260322212047.0
008 data
010 _a 99054148
020 _a0736804919
020 _a9780736804912
040 _aDLC
_cDLC
_dDLC
042 _alcac
_alcac
050 0 0 _aTJ1167
_b.B57 2000
082 0 0 _a671.3/5/023
_221
092 _a671.3 Bor 2000
100 1 _aBoraas, Tracey.
245 1 0 _aMachinist /
_cTracey Boraas.
260 _aMankato, MN :
_bCapstone Books,
_c2000.
300 _a48 p. :
_bcol. ill. ;
_c23 cm.
440 0 _aCareer exploration
504 _aIncludes bibliographical references (p. 44) and index.
520 _aIntroduces the career of machinist, including educational requirements, duties, workplace, salary, employment outlook, and possible future positions.
650 0 _aMachinists
_xVocational guidance
_vJuvenile literature.
650 1 _aMachinists
_xVocational guidance.
650 1 _aVocational guidance.
001 data
999 _c1104
_d1104